Statistics for Heroes and Villains of Gotham

Click here to take the quiz!

General Stats

  • This quiz has been taken 1,926 times
  • The average score is 14 of 21

Answer Stats

HintAnswer% Correct
Bruce WayneBatman
100%
Selina KyleCatwoman
97%
Harvey DentTwo-Face
94%
Oswald CobblepotPenguin
93%
Harleen QuinzelHarley Quinn
90%
Tim DrakeRobin
89%
Barbara GordonBatgirl
83%
Pamela IsleyPoison Ivy
83%
Jonathan CraneScarecrow
81%
Victor FriesMr. Freeze
79%
Dick GraysonNightwing
77%
Edward NashtonThe Riddler
76%
Waylon JonesKiller Croc
51%
Basil KarloClayface
50%
Floyd LawtonDeadshot
44%
Thomas ElliotHush
41%
Roman SionisBlack Mask
40%
Helena BertineliHuntress
31%
Cyrus GoldSolomon Grundy
28%
Jean-Paul ValleyAzrael
26%
Otis FlanneganRatcatcher
11%

Score Distribution

Percentile by Number Answered

Percent of People with Each Score

Your Score History

You have not taken this quiz